[Event "10th Africa-ch (w)"]
[Site "Kampala UGA"]
[Date "2016.07.19"]
[Round "3"]
[White "Domingos, Maria"]
[Black "Caxita, Esperanca"]
[Result "0-1"]
[WhiteElo "1712"]
[BlackElo "1822"]
[EventDate "2016.07.17"]
[PlyCount "97"]

1.e4 e5 2.Nf3 d6 3.d4 exd4 4.Nxd4 Nf6 5.Bd3 Be7 6.c3 Nbd7 7.Be3 Nc5 8.f3 
Nxd3+ 9.Qxd3 O-O 10.Nd2 Bd7 11.O-O a6 12.Rfe1 Re8 13.Qc2 Rc8 14.Ne2 c6 15.
Bf2 Qc7 16.Ng3 h6 17.Rad1 Be6 18.f4 Ng4 19.f5 Bd7 20.Nf3 Nxf2 21.Qxf2 Qa5 
22.Nh5 g6 23.b4 Qb5 24.Qg3 Kh7 25.fxg6+ fxg6 26.Nf4 Rg8 27.e5 d5 28.Nd4 
Qb6 29.Kh1 Rcf8 30.e6 Be8 31.Rf1 Bd6 32.Qe3 Qc7 33.Nfe2 Qe7 34.a3 Qh4 35.
Ng3 Bf4 36.Qe1 Rf6 37.Nf3 Qg4 38.Rd4 g5 39.e7 Re6 40.Qd1 Rxe7 41.Ne2 Bh5 
42.h3 Qe6 43.Nxf4 gxf4 44.Rxf4 Qe3 45.Qe1 Bxf3 46.Rf7+ Rxf7 47.Qxe3 Bxg2+ 
48.Kh2 Rxf1 49.Qe7+ 0-1

[Event "10th Africa-ch (w)"]
[Site "Kampala UGA"]
[Date "2016.07.19"]
[Round "3"]
[White "Namaganda, Christine"]
[Black "Kabengano, Joyce"]
[Result "0-1"]
[WhiteElo "1564"]
[BlackElo "1556"]
[EventDate "2016.07.17"]
[PlyCount "64"]

1.d4 c5 2.c3 e6 3.Nf3 d5 4.e3 Nf6 5.Bd3 Nbd7 6.Nbd2 c4 7.Bc2 b5 8.e4 dxe4 
9.Nxe4 Bb7 10.Nxf6+ Nxf6 11.Bg5 Be7 12.Qe2 a6 13.Ne5 O-O 14.Bxf6 Bxf6 15.
Qh5 g6 16.Nxg6 hxg6 17.Bxg6 fxg6 18.Qxg6+ Bg7 19.Qxe6+ Kh8 20.Qh3+ Kg8 21.
Qe6+ Rf7 22.O-O-O Qe7 23.d5 Qxe6 24.dxe6 Re7 25.Rd7 Rae8 26.Rhd1 Bxg2 27.
Rxe7 Rxe7 28.Rd8+ Kh7 29.Rd6 Bh3 30.Rxa6 Rxe6 31.Ra5 Bh6+ 32.Kd1 Bg4+ 0-1

[Event "10th Africa-ch (w)"]
[Site "Kampala UGA"]
[Date "2016.07.19"]
[Round "3"]
[White "Babirye, Stella"]
[Black "Van Niekerk, Robyn Julian"]
[Result "0-1"]
[WhiteElo "1244"]
[BlackElo "1621"]
[EventDate "2016.07.17"]
[PlyCount "90"]

1.Nf3 c5 2.e4 e6 3.Bc4 a6 4.a3 Qc7 5.d3 Be7 6.Be3 Nf6 7.h3 d6 8.Nbd2 b5 9.
Ba2 Bb7 10.Qe2 Nbd7 11.c3 d5 12.exd5 Nxd5 13.Bg5 Bxg5 14.Bxd5 Bxd5 15.Nxg5
Bxg2 16.Rg1 Bc6 17.O-O-O Qe5 18.Qxe5 Nxe5 19.Kc2 h6 20.Nge4 c4 21.dxc4 
Nxc4 22.Rxg7 Rd8 23.Nc5 a5 24.Nxc4 Rxd1 25.Kxd1 bxc4 26.Kc2 a4 27.Rg4 Bb5 
28.Nb7 Ke7 29.Rf4 Rb8 30.Na5 Rc8 31.Rh4 Rc5 32.Nb7 Rc7 33.Na5 Kd6 34.Rxh6 
Ra7 35.b4 axb3+ 36.Nxb3 Ba4 37.Kb2 Bxb3 38.Rh4 Rb7 39.Rf4 f5 40.Ka1 Kc5 
41.h4 Bc2 42.Ka2 e5 43.Rf3 f4 44.h5 Bf5 45.a4 Bg4 0-1

[Event "10th Africa-ch (w)"]
[Site "Kampala UGA"]
[Date "2016.07.19"]
[Round "3"]
[White "Ampaire, Shakira"]
[Black "Fisher, Michelle"]
[Result "1/2-1/2"]
[WhiteElo "1367"]
[BlackElo "1681"]
[EventDate "2016.07.17"]
[PlyCount "84"]

1.d4 Nf6 2.c4 g6 3.Nc3 d5 4.cxd5 Nxd5 5.e4 Nb6 6.Nf3 Bg7 7.g3 O-O 8.Bg2 
Re8 9.O-O Na6 10.Bf4 Bg4 11.e5 Nb4 12.Qb3 Nc6 13.d5 Bxf3 14.dxc6 Bxg2 15.
Kxg2 bxc6 16.Rfd1 Qc8 17.Rac1 e6 18.Ne4 Nd7 19.Qc3 c5 20.Nxc5 Nxc5 21.Qxc5
Qb7+ 22.Kg1 Qxb2 23.Rd2 Qb6 24.Qxc7 Qxc7 25.Rxc7 g5 26.Bxg5 Bxe5 27.Rb7 
Reb8 28.Rdd7 Rxb7 29.Rxb7 Bd4 30.Be3 Bb6 31.Kg2 Kg7 32.Kf3 Kg6 33.a4 h5 
34.Bd2 Rd8 35.a5 Rxd2 36.axb6 axb6 37.Rxb6 Rd4 38.Rb3 e5 39.h4 f6 40.Rb8 
Ra4 41.Rg8+ Kh7 42.Rc8 Kg7 1/2-1/2

[Event "10th Africa-ch (w)"]
[Site "Kampala UGA"]
[Date "2016.07.19"]
[Round "3"]
[White "Angolikin, Goretti"]
[Black "Nansubuga, Gloria"]
[Result "1-0"]
[WhiteElo "1607"]
[BlackElo "1445"]
[EventDate "2016.07.17"]
[PlyCount "77"]

1.e4 Nc6 2.Nf3 e6 3.d4 d6 4.a3 Nf6 5.Bd3 h6 6.O-O Be7 7.e5 Nd7 8.Qe1 Nb6 
9.Nc3 dxe5 10.dxe5 Nd4 11.Nd2 Nd5 12.f4 Bc5 13.Kh1 a6 14.Nde4 Ba7 15.Qg3 
Nf5 16.Nd6+ cxd6 17.Bxf5 g6 18.Nxd5 exd5 19.Bxc8 Rxc8 20.f5 g5 21.exd6 Kd7
22.Qb3 Kxd6 23.Qxb7 Qb6 24.Qxf7 Rhf8 25.Qe6+ Kc7 26.Qxb6+ Bxb6 27.Bd2 Rce8
28.Rae1 Rxe1 29.Bxe1 Be3 30.c3 Kc6 31.Bf2 Rxf5 32.Kg1 Bd2 33.Rd1 Bf4 34.
Bd4 h5 35.Re1 Kb5 36.Re6 a5 37.b3 a4 38.Rb6+ Ka5 39.b4# 1-0

[Event "10th Africa-ch (w)"]
[Site "Kampala UGA"]
[Date "2016.07.19"]
[Round "4"]
[White "Laubscher, Anzel"]
[Black "Shroohk, Wafa"]
[Result "0-1"]
[WhiteElo "1797"]
[BlackElo "2096"]
[EventDate "2016.07.17"]
[PlyCount "102"]

1.d4 Nf6 2.c4 e6 3.b3 d5 4.cxd5 exd5 5.Qc2 Bd6 6.Bg5 h6 7.Bh4 O-O 8.Nf3 
Re8 9.e3 Nbd7 10.Nc3 c6 11.Be2 Nf8 12.O-O Ng6 13.Bg3 Ne4 14.Bxd6 Qxd6 15.
b4 Bg4 16.h3 Bxf3 17.Bxf3 Nxc3 18.Qxc3 Nh4 19.Qd3 Nxf3+ 20.gxf3 Re6 21.f4 
g5 22.fxg5 hxg5 23.Qf5 Rf6 24.Qe5 Qxe5 25.dxe5 Rg6 26.Kh2 Kg7 27.f4 Rh8 
28.Rf3 g4 29.Rg3 Rxh3+ 30.Rxh3 gxh3 31.Kxh3 f6 32.exf6+ Kxf6 33.Rc1 Kf5 
34.b5 Ke4 35.bxc6 bxc6 36.Kh4 d4 37.Kh5 Rd6 38.exd4 Kxf4 39.Rc4 Ke4 40.Kg5
a5 41.d5+ Kxd5 42.Ra4 c5 43.Rxa5 Kd4 44.a4 c4 45.Rf5 c3 46.Rf4+ Kd3 47.
Rf3+ Kc4 48.Rf4+ Rd4 49.Rf8 c2 50.Rc8+ Kd3 51.a5 Rc4 0-1

[Event "10th Africa-ch (w)"]
[Site "Kampala UGA"]
[Date "2016.07.19"]
[Round "4"]
[White "Latreche, Sabrina"]
[Black "Hamza, Amira"]
[Result "1-0"]
[WhiteElo "2066"]
[BlackElo "1933"]
[EventDate "2016.07.17"]
[PlyCount "59"]

1.Nf3 Nf6 2.d4 g6 3.c4 Bg7 4.Nc3 O-O 5.e4 d6 6.h3 Nbd7 7.Be3 e5 8.d5 a5 9.
Bd3 Nh5 10.g4 Nf4 11.Bxf4 exf4 12.Qd2 Ne5 13.Nxe5 Bxe5 14.f3 g5 15.Qh2 Qf6
16.Kd2 Kg7 17.h4 Rh8 18.hxg5 Qxg5 19.Qh5 f6 20.Nb5 c6 21.Nc3 Bd7 22.Qh2 
Kf7 23.Qf2 c5 24.Rh5 Qg7 25.Qh4 Be8 26.Rh1 Rg8 27.Rh6 Rc8 28.Bf1 Rc7 29.
Bh3 Qg5 30.Bf1 1-0

[Event "10th Africa-ch (w)"]
[Site "Kampala UGA"]
[Date "2016.07.19"]
[Round "4"]
[White "Shahenda, Wafa"]
[Black "Caxita, Esperanca"]
[Result "1-0"]
[WhiteElo "2106"]
[BlackElo "1822"]
[EventDate "2016.07.17"]
[PlyCount "79"]

1.e4 e5 2.Nf3 d6 3.d4 Nf6 4.dxe5 Nxe4 5.Bc4 c6 6.O-O d5 7.Be2 Be6 8.Nbd2 
Nxd2 9.Bxd2 Nd7 10.Bd3 Be7 11.Nd4 Qc7 12.Nxe6 fxe6 13.Qh5+ Kd8 14.Rfe1 Nf8
15.Qf7 Bc5 16.Bg5+ Be7 17.Qxg7 Bxg5 18.Qxh8 Qf7 19.Bxh7 Kc7 20.Bd3 Re8 21.
Qh3 Nd7 22.g3 Qg7 23.Qh7 Qf8 24.Qg6 Be7 25.Qg4 Bc5 26.Qe2 Bd4 27.c3 Bxe5 
28.Kg2 Bd6 29.c4 d4 30.a3 c5 31.Be4 Qg7 32.Red1 Rh8 33.b4 Qh6 34.h4 Qg7 
35.Rh1 Rg8 36.Rh3 Rf8 37.Rb1 b6 38.h5 Qh6 39.Bg6 Ne5 40.bxc5 1-0

[Event "10th Africa-ch (w)"]
[Site "Kampala UGA"]
[Date "2016.07.19"]
[Round "4"]
[White "Van Niekerk, Megan"]
[Black "Mwango, Makumba Lorita"]
[Result "1/2-1/2"]
[WhiteElo "1594"]
[BlackElo "1938"]
[EventDate "2016.07.17"]
[PlyCount "57"]

1.d4 d5 2.c4 Nf6 3.Nc3 e6 4.Bg5 Be7 5.cxd5 exd5 6.e3 O-O 7.Bd3 c6 8.Nge2 
h6 9.Bh4 Nbd7 10.O-O Nb6 11.Qc2 Kh8 12.f3 Ng8 13.Bxe7 Nxe7 14.e4 Be6 15.e5
g6 16.Ng3 Qc8 17.Rf2 Rg8 18.Raf1 c5 19.dxc5 Qxc5 20.Nb5 Qxc2 21.Bxc2 Rgc8 
22.Nd6 Rc7 23.f4 Nc4 24.Nxc4 Rxc4 25.f5 gxf5 26.Nxf5 Rxc2 27.Nxe7 Rxf2 28.
Rxf2 Kg7 29.Kf1 1/2-1/2

[Event "10th Africa-ch (w)"]
[Site "Kampala UGA"]
[Date "2016.07.19"]
[Round "4"]
[White "El-Ansary, Eman"]
[Black "Kabengano, Joyce"]
[Result "1-0"]
[WhiteElo "1920"]
[BlackElo "1556"]
[EventDate "2016.07.17"]
[PlyCount "83"]

1.d4 Nf6 2.c4 e6 3.Nc3 c5 4.d5 d6 5.e4 exd5 6.cxd5 a6 7.a4 Be7 8.Bd3 Bg4 
9.f3 Bh5 10.Nh3 Nfd7 11.O-O O-O 12.g4 Bg6 13.f4 f6 14.f5 Be8 15.Nf4 Rf7 
16.Ne6 Qb6 17.a5 Qa7 18.Be3 b5 19.axb6 Qxb6 20.Na4 Qb7 21.Ra3 Ne5 22.Be2 
Bb5 23.Nc3 Bxe2 24.Qxe2 Nbd7 25.Rfa1 Rb8 26.Nd1 Qb5 27.Qxb5 axb5 28.Ra8 
Rxa8 29.Rxa8+ Bf8 30.h3 b4 31.b3 Nd3 32.Kf1 g5 33.fxg6 hxg6 34.Bh6 g5 35.
Ne3 Nc1 36.Nf5 Nxb3 37.Nxd6 Nb6 38.Rb8 Nd2+ 39.Ke2 Nbc4 40.Bxf8 Rd7 41.
Bg7+ Kh7 42.Rh8+ 1-0

[Event "10th Africa-ch (w)"]
[Site "Kampala UGA"]
[Date "2016.07.19"]
[Round "4"]
[White "Van Niekerk, Robyn Julian"]
[Black "Mezioud, Amina"]
[Result "0-1"]
[WhiteElo "1621"]
[BlackElo "2073"]
[EventDate "2016.07.17"]
[PlyCount "84"]

1.d4 Nf6 2.c4 g6 3.g3 Bg7 4.Bg2 d6 5.Nc3 O-O 6.Nf3 Nbd7 7.O-O e5 8.e4 c6 
9.h3 a5 10.Be3 Re8 11.d5 c5 12.Qc2 Nh5 13.Rad1 Nf8 14.Nh4 Bf6 15.Nf3 Be7 
16.Qc1 f5 17.exf5 gxf5 18.Bg5 Bxg5 19.Qxg5+ Qxg5 20.Nxg5 Bd7 21.Rfe1 Nf6 
22.Rd2 Ng6 23.b3 e4 24.g4 fxg4 25.hxg4 Bxg4 26.Ngxe4 Kg7 27.f3 Nxe4 28.
Rxe4 Bf5 29.Rxe8 Rxe8 30.Nb5 Rb8 31.Re2 Nf4 32.Re7+ Kf6 33.Rxb7 Rg8 34.
Nxd6 Rxg2+ 35.Kh1 Bg6 36.Nc8 Rd2 37.Rc7 Bh5 38.Rxh7 Kg6 39.Re7 Bxf3+ 40.
Kg1 Kf6 41.Re8 Rg2+ 42.Kf1 Be2+ 0-1

[Event "10th Africa-ch (w)"]
[Site "Kampala UGA"]
[Date "2016.07.19"]
[Round "4"]
[White "Mudongo, Boikhutso"]
[Black "Domingos, Maria"]
[Result "1-0"]
[WhiteElo "1760"]
[BlackElo "1712"]
[EventDate "2016.07.17"]
[PlyCount "116"]

1.e4 e5 2.Nf3 Nf6 3.Nc3 Nc6 4.Bc4 Bc5 5.O-O d6 6.h3 a6 7.a3 O-O 8.d3 h6 9.
Ne2 d5 10.exd5 Nxd5 11.Ng3 Nf6 12.b4 Bd6 13.Bb2 Re8 14.Re1 Bd7 15.Qd2 b5 
16.Ba2 Qb8 17.Re2 Qb6 18.Rae1 Nd4 19.Nxd4 exd4 20.Ne4 Be7 21.Qf4 Rac8 22.
Ng3 Bd6 23.Qxd4 Rxe2 24.Rxe2 Qxd4 25.Bxd4 Nh7 26.Ne4 Bf8 27.Bb2 Re8 28.Kf1
Bc6 29.Ng3 Rxe2 30.Nxe2 Bb7 31.Ng3 c5 32.bxc5 Bxc5 33.Nf5 Bf8 34.f3 Nf6 
35.Ke2 Nd5 36.Bb3 g6 37.Ng3 Bd6 38.Ne4 Be7 39.Bxd5 Bxd5 40.Nf6+ Bxf6 41.
Bxf6 Kf8 42.Ke3 Ke8 43.Kd4 Be6 44.h4 h5 45.Kc5 Bc8 46.Kb6 Kd7 47.a4 bxa4 
48.Bb2 Kd6 49.c4 Bd7 50.d4 f5 51.Ba3+ Ke6 52.Kc7 Be8 53.g3 Kf6 54.d5 g5 
55.Bb2+ Kg6 56.f4 gxh4 57.gxh4 Kf7 58.c5 Ke7 1-0

[Event "10th Africa-ch (w)"]
[Site "Kampala UGA"]
[Date "2016.07.19"]
[Round "4"]
[White "Joyce, Nyaruai"]
[Black "Frick, Denise"]
[Result "0-1"]
[WhiteElo "1471"]
[BlackElo "1905"]
[EventDate "2016.07.17"]
[PlyCount "146"]

1.d4 Nf6 2.Nf3 e6 3.e3 c5 4.Bd3 b6 5.O-O Bb7 6.Nbd2 Be7 7.b3 Nc6 8.Bb2 Rc8
9.c3 d5 10.Re1 O-O 11.Rc1 Re8 12.Bb1 Ba6 13.Nf1 Bf8 14.Ng3 Bd6 15.Kh1 Re7 
16.Ng1 Rec7 17.Qf3 cxd4 18.exd4 Ne7 19.Nh5 Nxh5 20.Qxh5 g6 21.Qh3 Nf5 22.
Bxf5 exf5 23.Nf3 Bd3 24.Ne5 Ba6 25.Re3 f6 26.Nd3 Bb5 27.Rce1 Bd7 28.Qf3 
Bc6 29.h4 Re7 30.h5 Re4 31.g3 Rc7 32.Kg2 Rce7 33.Rh1 Qe8 34.Bc1 Bd7 35.Rh2
g5 36.Qe2 Bxg3 37.Kxg3 f4+ 38.Nxf4 gxf4+ 39.Kf3 fxe3 40.Rg2+ Kh8 41.fxe3 
Qxh5+ 42.Kf2 Qxe2+ 43.Kxe2 Rg7 44.Rf2 f5 45.c4 dxc4 46.bxc4 h5 47.d5 Rxc4 
48.Bb2 Rc2+ 49.Kf3 Rxf2+ 50.Kxf2 Kh7 51.Be5 Rg4 52.a3 h4 53.Kf3 Kg6 54.Bh2
Kf6 55.Bd6 h3 56.Bg3 Rxg3+ 57.Kxg3 Ke5 58.d6 Kxd6 59.Kxh3 Kc5 60.Kg3 Kc4 
61.Kf4 Kb3 62.Ke5 Kxa3 63.Kd6 Bc8 64.Kc6 Ba6 65.Kc7 b5 66.Kb8 b4 67.Kxa7 
Bd3 68.Kb6 b3 69.Kc5 b2 70.e4 fxe4 71.Kd4 b1=Q 72.Ke3 Qc1+ 73.Kd4 Qb1 0-1

[Event "10th Africa-ch (w)"]
[Site "Kampala UGA"]
[Date "2016.07.19"]
[Round "4"]
[White "Ampaire, Shakira"]
[Black "Angolikin, Goretti"]
[Result "0-1"]
[WhiteElo "1367"]
[BlackElo "1607"]
[EventDate "2016.07.17"]
[PlyCount "40"]

1.d4 d5 2.c4 e6 3.Nc3 Nf6 4.cxd5 Nxd5 5.e4 Nxc3 6.bxc3 Be7 7.Nf3 O-O 8.Bd3
f5 9.exf5 exf5 10.Qb3+ Kh8 11.Ne5 Qe8 12.O-O Nd7 13.Re1 Nxe5 14.Rxe5 Qd8 
15.Ba3 Bxa3 16.Qxa3 b6 17.Rae1 Bb7 18.Bxf5 Qf6 19.Bh3 Qxf2+ 20.Kh1 Qf1+ 
0-1

[Event "10th Africa-ch (w)"]
[Site "Kampala UGA"]
[Date "2016.07.19"]
[Round "4"]
[White "Fisher, Michelle"]
[Black "Namaganda, Christine"]
[Result "1-0"]
[WhiteElo "1681"]
[BlackElo "1564"]
[EventDate "2016.07.17"]
[PlyCount "114"]

1.c4 Nf6 2.Nc3 g6 3.g3 Bg7 4.Bg2 c6 5.e4 d6 6.Nge2 O-O 7.O-O Bg4 8.h3 Be6 
9.d3 Qc8 10.Kh2 Nh5 11.Be3 b5 12.cxb5 cxb5 13.Nxb5 Qd7 14.Ned4 Na6 15.Nxe6
fxe6 16.Nc3 Rab8 17.Rb1 Rfc8 18.d4 Nf6 19.Qe2 Nc7 20.Rfd1 Nb5 21.Nxb5 Rxb5
22.Bf1 Ra5 23.b4 Ra3 24.Bc1 Rac3 25.Bb2 Rc2 26.Qf3 Rf8 27.Qe3 Rxf2+ 28.Kg1
Rc2 29.Bd3 Rcc8 30.b5 e5 31.dxe5 Nh5 32.Kg2 Kh8 33.exd6 Qxd6 34.Bxg7+ Nxg7
35.Rf1 Qb6 36.Rxf8+ Rxf8 37.Qxb6 axb6 38.a4 Ra8 39.Rc1 Ne6 40.Rc4 Nc5 41.
Bc2 e5 42.Kf3 Kg7 43.Ke3 Kf6 44.Bd1 h6 45.h4 Kg7 46.Rc1 Kf6 47.Bc2 Kg7 48.
Rd1 Kf7 49.Rd6 Nxa4 50.Bxa4 Rxa4 51.Rxb6 Ra3+ 52.Kf2 Rb3 53.Rb7+ Kf6 54.b6
Rb4 55.Rb8 Kf7 56.b7 Rb2+ 57.Ke3 Rb6 1-0

[Event "10th Africa-ch (w)"]
[Site "Kampala UGA"]
[Date "2016.07.19"]
[Round "4"]
[White "Nansubuga, Gloria"]
[Black "Babirye, Stella"]
[Result "1/2-1/2"]
[WhiteElo "1445"]
[BlackElo "1244"]
[EventDate "2016.07.17"]
[PlyCount "74"]

1.d4 e6 2.c4 d6 3.g3 Ne7 4.Bg2 Nbc6 5.e4 b6 6.Nf3 Bb7 7.Nc3 Rb8 8.b3 h6 9.
Bb2 Qd7 10.O-O d5 11.cxd5 exd5 12.e5 Ng6 13.Re1 Bb4 14.a3 Bxc3 15.Bxc3 O-O
16.Qc2 Rfe8 17.Rac1 Rbd8 18.Bb2 Kf8 19.b4 a6 20.h4 Nge7 21.Kh2 Qf5 22.Bh3 
Qxc2 23.Rxc2 Bc8 24.Bxc8 Rxc8 25.Kg2 b5 26.Bc1 Nd8 27.Be3 Ne6 28.Rcc1 Nf5 
29.Rc3 Re7 30.g4 Nxe3+ 31.Rcxe3 Nf4+ 32.Kg3 Ne6 33.Rc3 Ra8 34.Rc6 a5 35.h5
axb4 36.axb4 Ra3 37.Rc3 Rxc3 1/2-1/2

[Event "10th Africa-ch (w)"]
[Site "Kampala UGA"]
[Date "2016.07.21"]
[Round "5"]
[White "Shroohk, Wafa"]
[Black "Shahenda, Wafa"]
[Result "1-0"]
[WhiteElo "2096"]
[BlackElo "2106"]
[EventDate "2016.07.17"]
[PlyCount "61"]

1.Nf3 d5 2.g3 c5 3.Bg2 Nc6 4.d4 Nf6 5.O-O e6 6.b3 cxd4 7.Nxd4 Bc5 8.Bb2 
O-O 9.e3 Re8 10.c4 e5 11.Nxc6 bxc6 12.Nc3 Bg4 13.Qc1 Rc8 14.h3 Bh5 15.Na4 
Bb4 16.a3 Bd6 17.c5 Bf8 18.b4 Rb8 19.Qd2 e4 20.Bd4 Nd7 21.Qc3 Qg5 22.Rfb1 
Re6 23.b5 Bf3 24.bxc6 Rxb1+ 25.Rxb1 Rxc6 26.Qb3 Rh6 27.c6 Bxg2 28.cxd7 Bf3
29.Qb8 Rxh3 30.Qxf8+ Kxf8 31.Bc5+ 1-0

[Event "10th Africa-ch (w)"]
[Site "Kampala UGA"]
[Date "2016.07.21"]
[Round "5"]
[White "Latreche, Sabrina"]
[Black "El-Ansary, Eman"]
[Result "0-1"]
[WhiteElo "2066"]
[BlackElo "1920"]
[EventDate "2016.07.17"]
[PlyCount "108"]

1.Nf3 d5 2.g3 c5 3.Bg2 Nc6 4.d4 Nf6 5.O-O cxd4 6.Nxd4 e5 7.Nxc6 bxc6 8.c4 
Be7 9.Nc3 Be6 10.Bg5 e4 11.cxd5 cxd5 12.Bxf6 Bxf6 13.Qa4+ Bd7 14.Qb3 Bxc3 
15.Qxc3 O-O 16.Rfd1 Rc8 17.Qa3 Qg5 18.Qxa7 Be6 19.e3 Rc2 20.Qd4 Rfc8 21.b3
Qh5 22.Bxe4 Rxf2 23.Kxf2 Qxh2+ 24.Bg2 Bh3 25.e4 Qxg2+ 26.Ke3 Qxg3+ 27.Kd2 
Qf4+ 28.Qe3 Rc2+ 29.Kxc2 Qxe3 30.exd5 Bf5+ 31.Kb2 Qe5+ 32.Ka3 Qd6+ 33.Kb2 
h5 34.Rac1 h4 35.Rc6 Qd7 36.a4 h3 37.a5 h2 38.a6 Be4 39.Rcc1 h1=Q 40.Rxh1 
Bxh1 41.Rxh1 Qxd5 42.Ra1 Qa8 43.a7 f5 44.b4 f4 45.b5 f3 46.b6 f2 47.Kc3 
Kf7 48.Rf1 Qf3+ 49.Kd4 g5 50.Ke5 Kg6 51.Rxf2 Qg3+ 52.Kd5 Qxf2 53.Kc6 Qf3+ 
54.Kc7 Qa8 0-1

[Event "10th Africa-ch (w)"]
[Site "Kampala UGA"]
[Date "2016.07.21"]
[Round "5"]
[White "Mezioud, Amina"]
[Black "Van Niekerk, Megan"]
[Result "1/2-1/2"]
[WhiteElo "2073"]
[BlackElo "1594"]
[EventDate "2016.07.17"]
[PlyCount "131"]

1.e4 c5 2.Nf3 e6 3.d4 cxd4 4.Nxd4 Nc6 5.Nc3 a6 6.Be2 Qc7 7.a3 Nf6 8.Be3 
Be7 9.O-O O-O 10.Kh1 b5 11.f4 Nxd4 12.Bxd4 d6 13.e5 dxe5 14.Bxe5 Qd8 15.
Bd3 Bb7 16.Qe1 Ng4 17.Be4 Bxe4 18.Nxe4 Nxe5 19.fxe5 Qd4 20.Nc3 b4 21.Rd1 
Qb6 22.Ne4 bxa3 23.bxa3 f6 24.Rd7 Ra7 25.Rxa7 Qxa7 26.exf6 gxf6 27.h3 Qd4 
28.Rf3 Qe5 29.Re3 Qf4 30.Qg3+ Qxg3 31.Rxg3+ Kf7 32.a4 f5 33.Nd2 Rc8 34.c3 
Bf6 35.Nf3 h6 36.Nd4 Rc4 37.Rd3 Rxa4 38.Kg1 Ra2 39.Kf1 a5 40.Nb5 a4 41.
Rd7+ Kg6 42.Ra7 Bh4 43.Ra6 Kf7 44.c4 Be7 45.Ra7 Kf6 46.Ra6 Kf7 47.Ra7 a3 
48.c5 Rc2 49.Nd6+ Kf6 50.Rxa3 Rxc5 51.Rd3 Rd5 52.Ne8+ Kf7 53.Rxd5 exd5 54.
Nc7 d4 55.Ke2 Bf6 56.Kd3 Kg6 57.Ne6 Kh5 58.Nxd4 Bxd4 59.Kxd4 Kh4 60.Ke5 
Kg5 61.g3 h5 62.Kd4 f4 63.gxf4+ Kxf4 64.h4 Kg4 65.Ke4 Kxh4 66.Kf4 1/2-1/2

[Event "10th Africa-ch (w)"]
[Site "Kampala UGA"]
[Date "2016.07.21"]
[Round "5"]
[White "Mwango, Makumba Lorita"]
[Black "Mudongo, Boikhutso"]
[Result "1/2-1/2"]
[WhiteElo "1938"]
[BlackElo "1760"]
[EventDate "2016.07.17"]
[PlyCount "32"]

1.c4 Nf6 2.Nc3 e6 3.g3 d5 4.Bg2 c6 5.cxd5 exd5 6.d4 Bd6 7.Nf3 h6 8.O-O Bg4
9.Qb3 Qc7 10.Bd2 Nbd7 11.Rac1 Qb6 12.Qxb6 Nxb6 13.Nb1 O-O 14.b3 Rfe8 15.e3
Nbd7 16.Nc3 Ne4 1/2-1/2

[Event "10th Africa-ch (w)"]
[Site "Kampala UGA"]
[Date "2016.07.21"]
[Round "5"]
[White "Hamza, Amira"]
[Black "Laubscher, Anzel"]
[Result "1/2-1/2"]
[WhiteElo "1933"]
[BlackElo "1797"]
[EventDate "2016.07.17"]
[PlyCount "108"]

1.d4 d6 2.Nf3 Nf6 3.Nbd2 Nbd7 4.e4 e5 5.dxe5 Nxe5 6.Nxe5 dxe5 7.Be2 Bc5 8.
O-O O-O 9.c3 Qe7 10.Qc2 h6 11.b4 Bb6 12.Nc4 a6 13.Nxb6 cxb6 14.Be3 Qc7 15.
a4 Be6 16.f3 Rac8 17.Rfc1 Nd7 18.Bf1 Qd8 19.Rd1 Qe7 20.Rac1 Kh8 21.Rd2 a5 
22.Rb1 Rc7 23.Qd3 Rfc8 24.Rc2 axb4 25.Rxb4 Nc5 26.Qd2 Bb3 27.Rb2 Bxa4 28.
Rxb6 Rd8 29.Qf2 Nd3 30.Bxd3 Rxd3 31.h3 Rdxc3 32.R6b4 b5 33.Qd2 Rc2 34.Qd5 
Rxb2 35.Rxb2 Rd7 36.Qc6 Qd6 37.Qc8+ Kh7 38.Rd2 Rc7 39.Qf5+ Qg6 40.Qxe5 
Rc1+ 41.Kh2 Rd1 42.Rxd1 Bxd1 43.Qxb5 Qd6+ 44.e5 Qg6 45.Qc4 Bc2 46.Qf4 Bf5 
47.Bd4 Be6 48.Qe3 Bd5 49.Qf2 Qf5 50.Qg3 Be6 51.f4 Qe4 52.Bc3 Qg6 53.Qf3 
Qc2 54.h4 Qg6 1/2-1/2

[Event "10th Africa-ch (w)"]
[Site "Kampala UGA"]
[Date "2016.07.21"]
[Round "5"]
[White "Caxita, Esperanca"]
[Black "Frick, Denise"]
[Result "1/2-1/2"]
[WhiteElo "1822"]
[BlackElo "1905"]
[EventDate "2016.07.17"]
[PlyCount "135"]

1.e4 c5 2.Nf3 d6 3.d4 cxd4 4.Nxd4 Nf6 5.Nc3 Nc6 6.Bc4 Qb6 7.Nb3 e6 8.Be3 
Qd8 9.f3 Be7 10.Qd2 a6 11.a3 b5 12.Be2 Bb7 13.O-O O-O 14.Rad1 Qc7 15.Qe1 
Ne5 16.Nd4 Nc4 17.Bxc4 Qxc4 18.Qg3 Rfe8 19.Nce2 Nd7 20.Rd2 Qc7 21.Qh3 d5 
22.exd5 Bxd5 23.Nf4 Bc4 24.Nde2 Nf6 25.Rfd1 Rad8 26.Qg3 Rxd2 27.Rxd2 Rd8 
28.Qe1 e5 29.Nh3 e4 30.Nd4 Bc5 31.c3 exf3 32.gxf3 Re8 33.Qf2 Qe5 34.Bf4 
Qe7 35.Kg2 Nh5 36.Bg3 h6 37.Nf4 Nxf4+ 38.Bxf4 Qf6 39.Bg3 Rd8 40.Qe3 Bxd4 
41.Rxd4 Rxd4 42.Qxd4 Qf5 43.Qd1 Bd5 44.Qe2 g5 45.Kf2 g4 46.f4 Bc4 47.Qd2 
Qe5 48.Qd1 h5 49.Qd8+ Kh7 50.Qd1 h4 51.Bxh4 Qxf4+ 52.Kg1 Qe4 53.Qe1 Qf5 
54.Qf2 Qb1+ 55.Kg2 Bd5+ 56.Kg3 Qe4 57.Bg5 f5 58.Bf4 Bb7 59.Bc1 Bd5 60.Bf4 
Bc6 61.Bc1 Kg6 62.Bf4 Kh5 63.h3 gxh3 64.Kxh3 Qh1+ 65.Bh2 Qe4 66.Bf4 Qh1+ 
67.Bh2 Qe4 68.Bf4 1/2-1/2

[Event "10th Africa-ch (w)"]
[Site "Kampala UGA"]
[Date "2016.07.21"]
[Round "5"]
[White "Kabengano, Joyce"]
[Black "Angolikin, Goretti"]
[Result "1/2-1/2"]
[WhiteElo "1556"]
[BlackElo "1607"]
[EventDate "2016.07.17"]
[PlyCount "96"]

1.e4 e5 2.Nf3 Nc6 3.Bc4 d6 4.c3 Bg4 5.h3 Bxf3 6.Qxf3 Nf6 7.d3 a6 8.Bb3 Be7
9.Be3 Qd7 10.Nd2 O-O-O 11.Bxf7 Kb8 12.Bb3 Na5 13.O-O-O Nxb3+ 14.Nxb3 Qa4 
15.Kb1 d5 16.exd5 Nxd5 17.d4 Rhf8 18.Qe4 Bf6 19.Nc5 Qb5 20.Qc2 Nxe3 21.
fxe3 Qe8 22.Qb3 Qc6 23.Ne6 Qxg2 24.Nxd8 Rxd8 25.dxe5 Rxd1+ 26.Rxd1 Bxe5 
27.Qg8+ Ka7 28.Qxh7 Qf3 29.Qd3 Qxh3 30.e4 Qg4 31.Qe3+ b6 32.Rd5 Bf4 33.Qe1
g5 34.Qd1 Qe6 35.Qe2 Kb7 36.Qf3 Qc6 37.Rf5 Ka7 38.Rxf4 gxf4 39.Qxf4 Qd7 
40.a3 Qd3+ 41.Ka1 Qd1+ 42.Ka2 Qd7 43.Qf5 Qd3 44.Qe5 Qc4+ 45.Ka1 Qf1+ 46.
Ka2 Qc4+ 47.b3 Qe2+ 48.Kb1 Qd1+ 1/2-1/2

[Event "10th Africa-ch (w)"]
[Site "Kampala UGA"]
[Date "2016.07.21"]
[Round "5"]
[White "Van Niekerk, Robyn Julian"]
[Black "Fisher, Michelle"]
[Result "1-0"]
[WhiteElo "1621"]
[BlackElo "1681"]
[EventDate "2016.07.17"]
[PlyCount "71"]

1.d4 Nf6 2.c4 g6 3.g3 Bg7 4.Bg2 d5 5.Nf3 dxc4 6.Na3 O-O 7.Nxc4 c5 8.O-O 
cxd4 9.Nxd4 Qc7 10.Qb3 Nc6 11.Nxc6 bxc6 12.Bf4 Qb7 13.Qxb7 Bxb7 14.Na5 Ba6
15.Bxc6 Rac8 16.Rfe1 Nh5 17.Bc1 Bd4 18.Ba4 Bc5 19.a3 Ng7 20.Rb1 Bb6 21.Bd2
Rfd8 22.Bb4 Bxa5 23.Bxa5 Rd5 24.Bb4 Re5 25.e3 Ne6 26.f4 Re4 27.Bb3 Nc7 28.
Rbc1 Nb5 29.Rxc8+ Bxc8 30.Bd5 Rxb4 31.axb4 e6 32.Bf3 Kf8 33.Rc1 Ba6 34.Kf2
Ke7 35.Be2 Kd6 36.Ra1 1-0

[Event "10th Africa-ch (w)"]
[Site "Kampala UGA"]
[Date "2016.07.21"]
[Round "5"]
[White "Namaganda, Christine"]
[Black "Ampaire, Shakira"]
[Result "1-0"]
[WhiteElo "1564"]
[BlackElo "1367"]
[EventDate "2016.07.17"]
[PlyCount "161"]

1.d4 d5 2.Nf3 Nf6 3.e3 Bf5 4.c4 c6 5.Qb3 Qc7 6.Nc3 e6 7.Nh4 Bg6 8.cxd5 
cxd5 9.Bd2 Nc6 10.Rc1 Rb8 11.Nb5 Qb6 12.Nf3 Be7 13.Ne5 O-O 14.Nxg6 hxg6 
15.Qd1 a6 16.Nc3 Qxb2 17.Bd3 Nb4 18.Bb1 Rfc8 19.O-O Ne4 20.Bxe4 dxe4 21.
Rb1 Qa3 22.Rb3 Qa5 23.a3 Nd5 24.Nxe4 Qc7 25.Nc3 Nxc3 26.Rxc3 Qd7 27.Rxc8+ 
Rxc8 28.Qb3 b5 29.Rc1 Rxc1+ 30.Bxc1 Qc6 31.Bb2 Kf8 32.Kf1 Ke8 33.f3 Bd6 
34.h3 Qc4+ 35.Qxc4 bxc4 36.Ke2 Kd7 37.Kd2 Kc6 38.Kc3 Kb5 39.a4+ Kxa4 40.
Kxc4 a5 41.e4 Bf4 42.d5 exd5+ 43.exd5 f6 44.Kc5 Kb3 45.Bd4 Kc2 46.Kb5 Kd3 
47.Bb6 a4 48.Bc5 Ke2 49.d6 f5 50.d7 Bg5 51.f4 Bd8 52.Kxa4 Kf1 53.g4 Kg2 
54.g5 Kxh3 55.Bd6 Kg3 56.Kb5 Kf3 57.Kc6 Ke4 58.Be5 Ba5 59.Kd6 Bd8 60.Ke6 
Kf3 61.Kf7 Ke4 62.Kxg7 Kd5 63.Kxg6 Ke6 64.Bf6 Kxd7 65.Bxd8 Kxd8 66.Kxf5 
Ke7 67.Ke5 Kf8 68.Ke6 Kg7 69.f5 Kf8 70.f6 Kg8 71.g6 Kf8 72.g7+ Kg8 73.Ke7 
Kh7 74.Kf8 Kg6 75.f7 Kf6 76.g8=Q Ke6 77.Qg6+ Kd5 78.Ke7 Ke5 79.f8=Q Kd4 
80.Qf4+ Kc3 81.Qgg3+ 1-0